Implementácia záporných úrokových sadzieb Európskou centrálnou bankou a ich vplyv na bankový sektor Európskej únie za obdobie rokov 2014 až 2019

Implementácia záporných úrokových sadzieb Európskou centrálnou bankou a ich vplyv na bankový sektor Európskej únie. Analýza údajov o výškach úrokových sadzieb s použitím grafického zobrazenia, spolu s charakteristikou výhod a nevýhod záporných úrokových sadzieb a súvisiacich informácií o ekonomickej...

Descrizione completa

Salvato in:
Dettagli Bibliografici
Autore principale: Hanušniak, Ondrej, 1994-
Natura: Capitolo di libro
Lingua:slovacco
Soggetti:
Tags: Aggiungi Tag
Nessun Tag, puoi essere il primo ad aggiungerne!!

MARC

LEADER 00000naa$a2200000$$$4500
001 0281312
005 20240502074356.9
041 0 |a slo 
044 |a SK 
245 1 0 |a Implementácia záporných úrokových sadzieb Európskou centrálnou bankou a ich vplyv na bankový sektor Európskej únie za obdobie rokov 2014 až 2019  |c Ondrej Hanušniak 
520 |a Implementácia záporných úrokových sadzieb Európskou centrálnou bankou a ich vplyv na bankový sektor Európskej únie. Analýza údajov o výškach úrokových sadzieb s použitím grafického zobrazenia, spolu s charakteristikou výhod a nevýhod záporných úrokových sadzieb a súvisiacich informácií o ekonomickej situácii. Význam záporných úrokových sadzieb a možných príležitostí pre krajiny EÚ. 
610 2 0 |a Európska centrálna banka 
610 2 0 |a politika menová 
610 2 0 |a sadzby úrokové 
610 2 0 |a pôžičky 
610 2 0 |a trh finančný medzinárodný 
610 2 0 |a situácia hospodárska 
610 2 0 |a eurozóna 
610 2 0 |a Európska únia 
100 1 |a Hanušniak, Ondrej, 1994-